| 000 | 01461nam a2200265Ia 4500 | ||
|---|---|---|---|
| 999 |
_c34658 _d34658 |
||
| 001 | 435 | ||
| 003 | GE_BSU | ||
| 005 | 20260420173836.0 | ||
| 008 | 181216s2011||||ge |||||||||||||| ||geo|| | ||
| 020 | _a9789941421327 | ||
| 040 | _cGE_BSU | ||
| 041 | _ageo | ||
| 080 | _a811.352.2 გ–44 | ||
| 100 |
_aგვანცელაძე, თეიმურაზ _9291 |
||
| 245 |
_aაჭარაში მცხოვრებ აფხაზთა იდენტობა.1 : _bპირველი სამეცნ.-სასწ. ექსპედიციის წინასწარი შედეგები / _cთეიმურაზ გვანცელაძე, მანანა ტაბიძე; [რედ. მერაბ ნაჭყებია]; სოხუმის სახელმწ. უნ-ტი, აფხ. ენ. და კულტ. ინ-ტი |
||
| 260 | _bარტანუჯი | ||
| 264 |
_aთბილისი : _bარტანუჯი, _c2011. |
||
| 300 |
_a29 გვ.; _b20სმ. |
||
| 541 | _h3ლ. | ||
| 653 | _aაფხაზები აჭარაში. | ||
| 700 |
_aტაბიძე, მანანა _eავტორი _95716 |
||
| 700 |
_aნაჭყებია, მერაბ _e რედაქტორი _9292 |
||
| 710 |
_aსოხუმის სახელმწ. უნ-ტი. აფხ. ენ. და კულტ. ინ-ტი. _927331 |
||
| 942 |
_cBK _2udc |
||